000 00673nam a2200217 4500
003 OSt
005 20240730024354.0
006 a
008 240730b |||||||| |||| 00| 0 eng d
020 _a9780415806046
040 _aDWCL-Main lib.
_cOC
082 _aCirc. 370.115 S678 2010
110 _aThandeka K. Chapman
245 _aSocial justice pedagogy across the curriculum : the practice of freedom /
260 _aN.Y. :
_bRoutledge,
_cc2010.
300 _axv,
_b327 p. ;
_c23 cm.
504 _aIncludes bibliographical reference & index.
650 _a1. Social justice.
650 _a2. Educational sociology-Great Britain.
942 _2ddc
_n0
_cBK-CIRC
_kCirc.
999 _c2941
_d2941